Normal view
MARC view
- Zhou, Zongqing
Entry Personal Name
001 - CONTROL NUMBER
- control field: 503
003 - CONTROL NUMBER IDENTIFIER
- control field: JO-AjAnu
005 - DATE AND TIME OF LATEST TRANSACTION
- control field: 20230606070404.0
008 - FIXED-LENGTH DATA ELEMENTS
- fixed length control field: 230606|| aca||aabn | a|a d
040 ## - CATALOGING SOURCE
- Original cataloging agency: JO-AjAnu
- Transcribing agency: JO-AjAnu
100 ## - HEADING--PERSONAL NAME
- Personal name: Zhou, Zongqing
670 ## - SOURCE DATA FOUND
- Source citation: Work cat.: (JO-AjAnu)268: Zhou, Zongqing , author, E-Cmmerce and information Technology in hospitality and Tourism